00781pam a2200241 a 4500001000500000005001700005020001700022040002300039050002400062082001200086100002100098245007000119260003400189300003900223505000800262520012200270521002000392521002000412650002500432650003000457650002200487700003000509125520231204104634.0 a078073004997 aDLCcDLCdDLCbeng00aPZ7.S75663bFo 199100a8132201 aSpinelli, Jerry.10aFourth grade rats /cJerry Spinelli ; illustrated by Paul Casale. aNew York :bScholastic,c1991 a84 pages :billustrations ;c20 cm aG  aSuds learns that his best friend is wrong. You don't have to be a tough guy, a "rat," to be a grown up fourth grader. a340 bLexile  aG bRaz-Plus  1aFriendshipxFiction. 1aConduct of lifexFiction. 1aSchoolsxFiction.1 aCasale, Pauleillustrator